[Event "Weekend A Epifania"]
[Site "Torino ITA"]
[Date "2006.01.??"]
[Round "5"]
[White "Marello, Giampiero"]
[Black "Giacomasso, Enrico"]
[Result "0-1"]
[WhiteElo "1700"]
[BlackElo "1941"]
[PlyCount "93"]
[EventDate "2006.01.04"]

1. c4 Nf6 2. d4 e6 3. Nc3 Bb4 4. Qc2 c5 5. a3 Bxc3+ 6. bxc3 O-O 7. e4 cxd4 8.
cxd4 e5 9. d5 d6 10. Nf3 Nbd7 11. Bd3 Nc5 12. O-O Bd7 13. a4 Rc8 14. a5 Qe8 15.
Bg5 Ba4 16. Qe2 Nfd7 17. Rab1 f5 18. Rb4 Nxd3 19. Qxd3 Nc5 20. Qb1 fxe4 21. Nd2
Bd7 22. Nxe4 Bf5 23. Nxd6 Bxb1 24. Nxe8 Bd3 25. Nd6 Rc7 26. Re1 Bg6 27. Re2 Rd7
28. Nb5 a6 29. Nc3 Rc8 30. Rb6 Nd3 31. d6 Rxc4 32. Nd5 Nf4 33. Bxf4 exf4 34. f3
Bd3 35. Re8+ Kf7 36. Re7+ Rxe7 37. h4 Rd7 38. Nb4 Rd4 39. Nxd3 Rxd3 40. Rb4
R3xd6 41. Rxf4+ Rf6 42. Re4 Rf5 43. Kh2 Rxa5 44. Rf4+ Kg8 45. Rc4 Ra2 46. Rc8+
Kf7 47. Rc4 0-1

[Event "Weekend A Epifania"]
[Site "Torino ITA"]
[Date "2006.01.??"]
[Round "5"]
[White "Matta, Francesca"]
[Black "Ranieri, Fabrizio"]
[Result "0-1"]
[WhiteElo "1832"]
[BlackElo "2248"]
[PlyCount "78"]
[EventDate "2006.01.04"]

1. e4 e6 2. d4 d5 3. Nc3 Nf6 4. Bg5 Bb4 5. e5 h6 6. Bd2 Bxc3 7. bxc3 Ne4 8. Qg4
g6 9. Bd3 Nxd2 10. Kxd2 c5 11. h4 Nc6 12. Qf4 Qe7 13. Nf3 Bd7 14. h5 g5 15. Qf6
Qxf6 16. exf6 cxd4 17. cxd4 g4 18. Ne5 Nxd4 19. Nxg4 Nc6 20. Rae1 O-O-O 21. Ne5
Nxe5 22. Rxe5 Rhg8 23. Rg1 Rg4 24. g3 Rdg8 25. Rge1 Kc7 26. Bf1 Ra4 27. Ra1 Kd6
28. Rae1 Rxa2 29. Bh3 Rc8 30. R1e3 Rcxc2+ 31. Kd1 Rxf2 32. Re2 Raxe2 33. Rxe2
Rxe2 34. Kxe2 Ke5 35. g4 Kxf6 36. Ke3 Kg5 37. Kf3 Ba4 38. Ke3 Bd1 39. Kd3 Bxg4
0-1

[Event "Weekend A Epifania"]
[Site "Torino ITA"]
[Date "2006.01.??"]
[Round "5"]
[White "Sorcinelli, Francesco"]
[Black "Nardelli, Marco"]
[Result "0-1"]
[WhiteElo "2106"]
[BlackElo "2107"]
[PlyCount "86"]
[EventDate "2006.01.04"]

1. e4 c5 2. Nc3 Nc6 3. Nge2 e6 4. d4 cxd4 5. Nxd4 Qc7 6. Be3 a6 7. Qd2 Nf6 8.
O-O-O Bb4 9. f3 Na5 10. Kb1 Bxc3 11. Qxc3 Qxc3 12. bxc3 d5 13. exd5 Nxd5 14.
Bd2 b5 15. Nb3 Nc4 16. Bxc4 bxc4 17. Na5 Bd7 18. Nxc4 O-O 19. Ne5 Ba4 20. c4
Rab8+ 21. Ka1 Ne7 22. Rb1 f6 23. Rb4 Bxc2 24. Nd7 Rxb4 25. Bxb4 Re8 26. Bxe7
Rxe7 27. Rc1 Rxd7 28. Rxc2 Rb7 29. Rb2 Rxb2 30. Kxb2 Kf8 31. Kc3 Ke7 32. Kd4
Kd6 33. f4 h5 34. c5+ Kc6 35. h4 g6 36. g3 Kb5 37. a4+ Kc6 38. Kc4 Kc7 39. Kb4
Kb7 40. Kc4 Kc6 41. Kb4 e5 42. fxe5 fxe5 43. Ka5 Kxc5 0-1

[Event "Weekend A Epifania"]
[Site "Torino ITA"]
[Date "2006.01.??"]
[Round "5"]
[White "Vozza, Nicola"]
[Black "Parodi, Alessandro"]
[Result "1-0"]
[WhiteElo "2002"]
[BlackElo "1924"]
[PlyCount "95"]
[EventDate "2006.01.04"]

1. d4 Nf6 2. Bg5 g6 3. Bxf6 exf6 4. c4 Bg7 5. g3 f5 6. Bg2 c5 7. Nf3 Nc6 8. e3
Qb6 9. Nc3 cxd4 10. Nxd4 O-O 11. Ndb5 a6 12. Nd5 Qc5 13. Nbc7 Rb8 14. b3 Nb4
15. O-O Nxd5 16. Nxd5 b6 17. Rc1 Bb7 18. b4 Qd6 19. c5 bxc5 20. bxc5 Qe5 21.
Nb6 Bxg2 22. Kxg2 Rfd8 23. Qa4 Qe4+ 24. Qxe4 fxe4 25. Rfd1 Rb7 26. Nc4 Rc7 27.
Nd6 f5 28. g4 Bf8 29. gxf5 gxf5 30. Rd5 Bxd6 31. Rxd6 Rdc8 32. Rxa6 Rxc5 33.
Rd1 R8c7 34. Rad6 Ra7 35. Rxd7 Rxa2 36. Rb7 Ra8 37. Rdd7 h6 38. Rg7+ Kf8 39.
Rh7 Kg8 40. Rxh6 Rf8 41. Rhh7 Rf6 42. Rhd7 Rc8 43. Rg7+ Kh8 44. Rh7+ Kg8 45.
Rbg7+ Kf8 46. h4 Rcc6 47. Rb7 Rc8 48. Rh8# 1-0

[Event "Weekend A Epifania"]
[Site "Torino ITA"]
[Date "2006.01.??"]
[Round "6"]
[White "Boetto, Massimo"]
[Black "Martin, Tiziano"]
[Result "1-0"]
[WhiteElo "1994"]
[BlackElo "1978"]
[PlyCount "75"]
[EventDate "2006.01.04"]

1. e4 e6 2. d4 d5 3. Nc3 dxe4 4. Nxe4 Nd7 5. Nf3 Ngf6 6. Bg5 Be7 7. Bxf6 Nxf6
8. Nxf6+ Bxf6 9. c3 O-O 10. Bd3 c5 11. dxc5 Qa5 12. Qc2 g6 13. b4 Qa3 14. Rc1
a5 15. b5 Qxc5 16. a4 Bd7 17. O-O Rac8 18. c4 Rc7 19. Nd2 b6 20. Ne4 Qe7 21. c5
bxc5 22. b6 Rb7 23. Qxc5 Rfb8 24. Rb1 Bxa4 25. Qxa5 Bc6 26. Rfc1 Bxe4 27. Bxe4
Rd7 28. b7 Qd6 29. Rc8+ Rd8 30. Qa8 Kg7 31. Qxb8 Qxb8 32. Rxb8 Rxb8 33. Rc1 Be5
34. Rc8 Kf6 35. Kf1 Ke7 36. Ke2 Kd7 37. Bc6+ Ke7 38. Kd3 1-0

[Event "Weekend A Epifania"]
[Site "Torino ITA"]
[Date "2006.01.??"]
[Round "6"]
[White "Faraoni, Enrico"]
[Black "Gussone, Claudio"]
[Result "1-0"]
[WhiteElo "2157"]
[BlackElo "1947"]
[PlyCount "37"]
[EventDate "2006.01.04"]

1. e4 d6 2. d4 Nf6 3. Nc3 g6 4. Be2 Bg7 5. g4 c5 6. g5 Nfd7 7. d5 a6 8. a4 b6
9. h4 Bb7 10. h5 Qc7 11. Ra3 e6 12. Rh4 c4 13. Nh3 Bxc3+ 14. Rxc3 b5 15. hxg6
fxg6 16. dxe6 Nc5 17. Qd4 Rf8 18. Re3 Qa5+ 19. c3 1-0

[Event "Weekend A Epifania"]
[Site "Torino ITA"]
[Date "2006.01.??"]
[Round "6"]
[White "Fassio, Luca"]
[Black "Bertagia, Roldano"]
[Result "0-1"]
[WhiteElo "2059"]
[BlackElo "1986"]
[PlyCount "160"]
[EventDate "2006.01.04"]

1. e4 e5 2. Nf3 Nc6 3. Bc4 Bc5 4. c3 d6 5. O-O Nf6 6. b4 Bb6 7. d3 O-O 8. a4 a5
9. b5 Ne7 10. Nbd2 Ng6 11. Bb3 c6 12. Nc4 Bc7 13. Re1 Re8 14. Ne3 Bd7 15. bxc6
bxc6 16. Ng5 Rf8 17. Qc2 h6 18. Nf3 Nh5 19. d4 Nh4 20. Nxh4 Qxh4 21. dxe5 dxe5
22. g3 Qh3 23. Bc4 Nf6 24. Ba3 Rfe8 25. Rab1 Rab8 26. Rxb8 Bxb8 27. Bc5 Bc7 28.
Rb1 Bc8 29. Be2 h5 30. Bf1 Qe6 31. h3 Rd8 32. Nf5 Re8 33. Qe2 g6 34. Nh4 Kg7
35. Nf3 Nd7 36. Be3 f6 37. c4 Ba6 38. Qc2 Rb8 39. Rd1 Nb6 40. c5 Nc4 41. Bxc4
Bxc4 42. Nd2 Ba6 43. h4 Rd8 44. Nf3 Rxd1+ 45. Qxd1 Bc8 46. Nh2 Qc4 47. f3 Be6
48. Nf1 Qb3 49. Qe2 Bc4 50. Qd2 Bd3 51. Bh6+ Kf7 52. Ne3 Ke6 53. g4 hxg4 54.
Nxg4 Qb1+ 55. Kh2 Qc2 56. Kg3 Qxd2 57. Bxd2 Bc2 58. Kf2 Bxa4 59. Ke3 Bd1 60.
Nf2 Bc2 61. Bc3 a4 62. Kd2 Bb3 63. Kc1 Bd8 64. Nd3 Bc4 65. Nb4 Bb5 66. Bd2 Be7
67. Be3 f5 68. exf5+ Kxf5 69. Bf2 Kf4 70. Kd2 Kxf3 71. Ke1 Kg4 72. Nc2 Bxh4 73.
Ne3+ Kf3 74. Bxh4 Kxe3 75. Bf6 Kd4 76. Kd2 Kxc5 77. Bxe5 Kc4 78. Kc2 g5 79. Bd6
g4 80. Kb2 Kd3 0-1

[Event "Weekend A Epifania"]
[Site "Torino ITA"]
[Date "2006.01.??"]
[Round "6"]
[White "Fortino, Fabrizio"]
[Black "Llupa, Oltjon"]
[Result "1-0"]
[WhiteElo "2020"]
[BlackElo "2023"]
[PlyCount "56"]
[EventDate "2006.01.04"]

1. e4 c5 2. c3 d5 3. exd5 Qxd5 4. d4 Nc6 5. Nf3 Bg4 6. Be2 e6 7. h3 Bh5 8. O-O
Nf6 9. Be3 cxd4 10. cxd4 a6 11. Nc3 Qd7 12. Ne5 Nxe5 13. dxe5 Bxe2 14. Qxe2 Nd5
15. Nxd5 Qxd5 16. Rfd1 Qxe5 17. Qd2 Qd5 18. Qxd5 exd5 19. Rxd5 Be7 20. Bb6 O-O
21. Rad1 Bf6 22. R1d2 Rac8 23. a4 Rc4 24. a5 h6 25. g3 Rfc8 26. Rd7 Rb4 27.
Rxb7 Bxb2 28. Ra7 Ra4 1-0

[Event "Weekend A Epifania"]
[Site "Torino ITA"]
[Date "2006.01.??"]
[Round "6"]
[White "Giacomasso, Enrico"]
[Black "Vozza, Nicola"]
[Result "1/2-1/2"]
[WhiteElo "1941"]
[BlackElo "2002"]
[PlyCount "48"]
[EventDate "2006.01.04"]

1. e4 e6 2. d4 d5 3. exd5 exd5 4. c4 Bb4+ 5. Nc3 Nc6 6. Nf3 Bg4 7. Be2 Nge7 8.
c5 b6 9. cxb6 axb6 10. O-O Bxc3 11. bxc3 O-O 12. h3 Bh5 13. Bg5 f6 14. Bf4 Na5
15. Re1 Ra7 16. g4 Bf7 17. Bd3 Ng6 18. Bg3 Re8 19. Qa4 Qa8 20. Qb5 c6 21. Qxb6
Rb7 22. Qa6 Ra7 23. Qb6 Rb7 24. Qa6 Ra7 1/2-1/2

[Event "Weekend A Epifania"]
[Site "Torino ITA"]
[Date "2006.01.??"]
[Round "6"]
[White "Nardelli, Marco"]
[Black "Astengo, Marcello"]
[Result "1-0"]
[WhiteElo "2107"]
[BlackElo "2091"]
[PlyCount "91"]
[EventDate "2006.01.04"]

1. e4 e6 2. d4 d5 3. Nc3 Nf6 4. Bg5 Bb4 5. e5 h6 6. Bd2 Bxc3 7. bxc3 Ne4 8. Qg4
Kf8 9. Bd3 Nxd2 10. Kxd2 c5 11. h4 Nc6 12. Rh3 c4 13. Bf1 Bd7 14. Ne2 Qb6 15.
Rg3 Rg8 16. Rf3 Qb2 17. Re1 Qxa2 18. Nf4 Qa5 19. Ree3 Qb5 20. h5 Ke8 21. Ne2
Ne7 22. Rf4 Qb2 23. Ng3 Ba4 24. Qd1 a5 25. Ref3 Rf8 26. Bxc4 dxc4 27. Ne4 Rd8
28. Nc5 Bc6 29. Nxe6 Bxf3 30. Nxg7+ Kd7 31. Qxf3 Kc8 32. Ne6 fxe6 33. Rxf8 a4
34. Qf6 Rxf8 35. Qxf8+ Kd7 36. d5 exd5 37. Qxh6 Qa3 38. Qb6 Kc8 39. h6 Nc6 40.
Qe3 Qe7 41. Qh3+ Kc7 42. h7 Qg5+ 43. Kd1 a3 44. h8=Q Qxe5 45. Qxe5+ Nxe5 46.
Kc1 1-0

[Event "Weekend A Epifania"]
[Site "Torino ITA"]
[Date "2006.01.??"]
[Round "6"]
[White "Parodi, Alessandro"]
[Black "Finocchiaro, Gianluca"]
[Result "1/2-1/2"]
[WhiteElo "1924"]
[BlackElo "1854"]
[PlyCount "66"]
[EventDate "2006.01.04"]

1. d4 Nf6 2. c4 g6 3. Nc3 d5 4. Nf3 Bg7 5. e3 O-O 6. b3 c5 7. Bb2 Nc6 8. Be2
cxd4 9. exd4 Ne4 10. O-O Nxc3 11. Bxc3 Bg4 12. c5 Qc7 13. Qd2 Rad8 14. Qb2 e5
15. Nxe5 Nxe5 16. dxe5 Bxe2 17. Qxe2 d4 18. Bb4 Bxe5 19. Qf3 Bxh2+ 20. Kh1 Be5
21. c6 Rfe8 22. cxb7 Rb8 23. Rfe1 Qxb7 24. Qxb7 Rxb7 25. Bc5 Re6 26. Rad1 Rd7
27. Re4 Bg7 28. Rxe6 fxe6 29. f4 d3 30. Kg1 Bd4+ 31. Bxd4 Rxd4 32. g3 d2 33.
Kf2 Rd3 1/2-1/2

[Event "Weekend A Epifania"]
[Site "Torino ITA"]
[Date "2006.01.??"]
[Round "6"]
[White "Pepino, Enrico"]
[Black "Sorcinelli, Francesco"]
[Result "1/2-1/2"]
[WhiteElo "2157"]
[BlackElo "2106"]
[PlyCount "42"]
[EventDate "2006.01.04"]

1. e4 c5 2. Nf3 d6 3. d4 cxd4 4. Nxd4 Nf6 5. Nc3 g6 6. Be3 Bg7 7. f3 O-O 8. Qd2
Nc6 9. Bc4 Bd7 10. Bb3 Rc8 11. O-O-O Ne5 12. Kb1 Re8 13. g4 Qa5 14. g5 Nh5 15.
f4 Nc4 16. Bxc4 Rxc4 17. Nb3 Qc7 18. Nd5 Qb8 19. Bd4 Bg4 20. Rde1 Bxd4 21. Nxd4
Qc8 1/2-1/2

[Event "Weekend A Epifania"]
[Site "Torino ITA"]
[Date "2006.01.??"]
[Round "6"]
[White "Ranieri, Fabrizio"]
[Black "Ferrario, Enrico"]
[Result "1-0"]
[WhiteElo "2248"]
[BlackElo "1954"]
[PlyCount "71"]
[EventDate "2006.01.04"]

1. e4 Nc6 2. d4 d5 3. e5 Bf5 4. c3 e6 5. Nf3 h6 6. b4 Nge7 7. h3 Qd7 8. a4 g5
9. Nbd2 Bg7 10. Nb3 O-O 11. Nc5 Qc8 12. g4 Be4 13. Nxe4 dxe4 14. Nd2 e3 15.
fxe3 Nd5 16. Ne4 Qd8 17. b5 f5 18. gxf5 exf5 19. Nc5 Na5 20. Ne6 Qd7 21. Nxf8
Rxf8 22. Bg2 f4 23. O-O Kh8 24. Bxd5 Qxd5 25. exf4 Nb3 26. Rb1 Nxc1 27. Qxc1
gxf4 28. Rxf4 Rg8 29. Rg4 Qf3 30. Rb2 Qxh3 31. Rbg2 Kh7 32. Qc2+ Kh8 33. Qd2
Kh7 34. Qc2+ Kh8 35. R2g3 Qh5 36. Qg6 1-0

[Event "Weekend A Epifania"]
[Site "Torino ITA"]
[Date "2006.01.??"]
[Round "7"]
[White "Astengo, Marcello"]
[Black "Pepino, Enrico"]
[Result "0-1"]
[WhiteElo "2091"]
[BlackElo "2157"]
[PlyCount "90"]
[EventDate "2006.01.04"]

1. d4 Nf6 2. c4 g6 3. Nc3 c5 4. d5 d6 5. e4 Bg7 6. Be2 O-O 7. h3 a6 8. Bf4 b5
9. Qc2 bxc4 10. Nf3 Nbd7 11. Nd2 Ne8 12. Nxc4 Nb6 13. Ne3 e5 14. dxe6 fxe6 15.
Bg3 Bb7 16. Rd1 Bd4 17. O-O Kg7 18. a4 Bc6 19. Qb3 e5 20. a5 Nd7 21. Nc4 Ndf6
22. Bf3 Rb8 23. Qc2 Nc7 24. Rd2 Ne6 25. Nd5 Bb5 26. Rb1 Nxd5 27. exd5 Nf4 28.
Bg4 Bxc4 29. Qxc4 Qxa5 30. Rc2 Qb5 31. Qa2 h5 32. Bd1 Qd3 33. Kh2 Qe4 34. f3
Qd3 35. Qc4 Qxc4 36. Rxc4 Nxd5 37. b3 Ne3 38. Ra4 Nf1+ 39. Kh1 Nxg3+ 40. Kh2
Nf1+ 41. Kh1 Rb6 42. b4 h4 43. Bc2 Ng3+ 44. Kh2 cxb4 45. Raxb4 Rfb8 0-1

[Event "Weekend A Epifania"]
[Site "Torino ITA"]
[Date "2006.01.??"]
[Round "7"]
[White "Martin, Tiziano"]
[Black "Parodi, Alessandro"]
[Result "1-0"]
[WhiteElo "1978"]
[BlackElo "1924"]
[PlyCount "75"]
[EventDate "2006.01.04"]

1. d3 g6 2. e4 d6 3. Nc3 Bg7 4. f4 Nf6 5. Nf3 c5 6. g3 Nc6 7. Bg2 a6 8. O-O O-O
9. h3 b5 10. g4 h5 11. e5 Nh7 12. gxh5 gxh5 13. Nh4 d5 14. Qxh5 e6 15. Bd2 Bd7
16. Kh1 f5 17. Nxd5 Be8 18. Ng6 exd5 19. Rg1 Ra7 20. c4 bxc4 21. dxc4 dxc4 22.
Bc3 Ne7 23. Nxe7+ Rxe7 24. Qh4 Bf7 25. Rad1 Rd7 26. Qxd8 Rfxd8 27. Rde1 Be6 28.
Bf3 Kh8 29. Rg6 Bd5 30. Bxd5 Rxd5 31. Reg1 R5d7 32. Rxg7 Rxg7 33. e6 Ng5 34.
Rxg5 Rd1+ 35. Kg2 a5 36. e7 Re1 37. Bxg7+ Kh7 38. Be5 1-0

[Event "Weekend A Epifania"]
[Site "Torino ITA"]
[Date "2006.01.??"]
[Round "7"]
[White "Nardelli, Marco"]
[Black "Faraoni, Enrico"]
[Result "0-1"]
[WhiteElo "2107"]
[BlackElo "2157"]
[PlyCount "96"]
[EventDate "2006.01.04"]

1. e4 g5 2. d4 Bg7 3. Bxg5 c5 4. Bc4 Qa5+ 5. Nd2 cxd4 6. Qh5 e6 7. Qh4 Nc6 8.
Ngf3 Qb4 9. Bb3 Nge7 10. O-O Ng6 11. Qg3 f6 12. a3 Qc5 13. Bh4 b6 14. e5 f5 15.
Bf6 O-O 16. Bxg7 Kxg7 17. Rfe1 Ba6 18. h4 Kh8 19. h5 Nge7 20. Qh4 h6 21. Rad1
Rf7 22. Qf4 Kh7 23. Nh4 Rg7 24. Ndf3 Rg4 25. Qd2 Rag8 26. Ba2 b5 27. b4 Qb6 28.
c3 Bb7 29. cxd4 Nxd4 30. Nxd4 Rxh4 31. Qe3 Bxg2 32. f4 Be4+ 33. Kf1 Rh1+ 34.
Ke2 Rg2+ 35. Qf2 Rxf2+ 36. Kxf2 Rh2+ 37. Kg3 Rxa2 38. Rg1 Qa6 39. Nc2 Rxc2 40.
Kh4 Qxa3 41. Rd2 Qh3+ 42. Kxh3 Rxd2 43. Ra1 Nc6 44. Rc1 Rb2 45. Rg1 Rxb4 46.
Rg6 Rb1 47. Rf6 Rh1+ 48. Kg3 Rg1+ 0-1

[Event "Weekend A Epifania"]
[Site "Torino ITA"]
[Date "2006.01.??"]
[Round "7"]
[White "Ranieri, Fabrizio"]
[Black "Giacomasso, Enrico"]
[Result "1/2-1/2"]
[WhiteElo "2248"]
[BlackElo "1941"]
[PlyCount "83"]
[EventDate "2006.01.04"]

1. e4 c5 2. Nf3 d6 3. d4 cxd4 4. Nxd4 Nf6 5. Nc3 a6 6. Be2 e6 7. O-O Be7 8. f4
Qc7 9. Kh1 O-O 10. Be3 Nc6 11. Qe1 b5 12. Nxc6 Qxc6 13. e5 Bb7 14. Bf3 Nd5 15.
Nxd5 exd5 16. c3 dxe5 17. fxe5 Qg6 18. Rd1 Rad8 19. a3 Rfe8 20. Qf2 Qe6 21. Bb6
Rc8 22. Bd4 Rcd8 23. h3 Rf8 24. Bg4 Qh6 25. Be2 Bc6 26. Qg3 Bh4 27. Qg4 Bd7 28.
Qh5 Qxh5 29. Bxh5 Be6 30. Kh2 Be7 31. Be2 Rb8 32. Ra1 Bd7 33. Bf3 Be6 34. Rfd1
Rfd8 35. Be3 a5 36. b4 a4 37. g4 Rbc8 38. Bd4 Rb8 39. Kg3 Rd7 40. h4 Bd8 41.
Rd2 Bc7 42. Re1 1/2-1/2

[Event "Weekend A Epifania"]
[Site "Torino ITA"]
[Date "2006.01.??"]
[Round "7"]
[White "Sorcinelli, Francesco"]
[Black "Bertagia, Roldano"]
[Result "1-0"]
[WhiteElo "2106"]
[BlackElo "1986"]
[PlyCount "47"]
[EventDate "2006.01.04"]

1. d4 d5 2. c4 c6 3. Nf3 Nf6 4. Nc3 Nbd7 5. cxd5 cxd5 6. Qa4 e6 7. Bf4 Nh5 8.
Bd2 Be7 9. Rc1 O-O 10. g4 Nhf6 11. g5 Ne4 12. h4 f6 13. Qc2 Nd6 14. Bg2 b5 15.
Qb3 Rb8 16. gxf6 gxf6 17. Bf4 Rb6 18. Bh3 Nb8 19. Nxd5 Rc6 20. Rxc6 Nxc6 21.
Nxe7+ Qxe7 22. Bh6 Rd8 23. Rg1+ Kh8 24. Bg7+ 1-0

[Event "Weekend A Epifania"]
[Site "Torino ITA"]
[Date "2006.01.??"]
[Round "7"]
[White "Vozza, Nicola"]
[Black "Boetto, Massimo"]
[Result "1/2-1/2"]
[WhiteElo "2002"]
[BlackElo "1994"]
[PlyCount "107"]
[EventDate "2006.01.04"]

1. d4 Nf6 2. Bg5 Ne4 3. Bf4 c5 4. f3 Nf6 5. dxc5 Qa5+ 6. Nc3 Qxc5 7. e4 e5 8.
Bg3 Nc6 9. Qd2 Qa5 10. Bc4 Bb4 11. Nge2 O-O 12. Bf2 d5 13. Bxd5 Rd8 14. O-O Be6
15. a3 Bxc3 16. Nxc3 Nxd5 17. exd5 Bxd5 18. Qe2 Be6 19. b4 Qc7 20. Nb5 Qb8 21.
Rfd1 a6 22. Rxd8+ Nxd8 23. Nc3 b5 24. Rd1 Bc4 25. Qd2 Ne6 26. Nd5 Bxd5 27. Qxd5
Qd8 28. Qxd8+ Rxd8 29. Rxd8+ Nxd8 30. Kf1 f5 31. Bb6 Nc6 32. Ke2 Kf7 33. Kd3
Ke6 34. c4 g5 35. Be3 f4 36. Bf2 h5 37. cxb5 axb5 38. Ke4 Ne7 39. Be1 Nd5 40.
Bd2 Nf6+ 41. Kd3 Kd5 42. Bc3 e4+ 43. fxe4+ Nxe4 44. Be1 g4 45. Bh4 f3 46. gxf3
gxf3 47. Ke3 f2 48. Bxf2 Nxf2 49. Kxf2 Kc4 50. Kg3 Kb3 51. Kh4 Kxa3 52. Kxh5
Kxb4 53. h4 Kc4 54. Kg5 1/2-1/2

[Event "I Weekend 2 Torri A"]
[Site "Bologna ITA"]
[Date "2006.01.14"]
[Round "2"]
[White "Vancini, Edoardo"]
[Black "Malfagia, Andrea"]
[Result "0-1"]
[WhiteElo "2256"]
[BlackElo "2244"]
[PlyCount "128"]
[EventDate "2006.01.13"]

1.c4 e5 2.Nc3 Nf6 3.e3 Bb4 4.Nge2 O-O 5.a3 Be7 6.g3 d5 7.cxd5 Nxd5 8.Bg2 
Nb6 9.O-O c6 10.Qc2 a5 11.b3 N8d7 12.Bb2 Nc5 13.d4 exd4 14.Nxd4 Bf6 15.
Rfd1 Qe7 16.a4 Rd8 17.Ba3 Qe5 18.Nf3 Rxd1+ 19.Rxd1 Bf5 20.Nxe5 Bxc2 21.
Bxc5 Bxd1 22.Nxd1 Rd8 23.Bf3 Bxe5 24.Bxb6 Rd3 25.Bxa5 Rxb3 26.Bd2 Ra3 27.
a5 Bc7 28.Kf1 Bxa5 29.Bxa5 Rxa5 30.Ke2 Rc5 31.Kd2 b5 32.g4 b4 33.Nb2 Rc3 
34.Nd3 c5 35.Bd5 Kf8 36.g5 Ke7 37.e4 f6 38.gxf6+ gxf6 39.f4 Kd6 40.Bg8 h6 
41.e5+ fxe5 42.fxe5+ Kc6 43.Bf7 Ra3 44.Bc4 Ra7 45.Ke3 Rg7 46.Nf4 Rg1 47.
Ke4 Rc1 48.Bd5+ Kc7 49.Ne2 Rh1 50.Bc4 Rxh2 51.Kd5 b3 52.Nc3 b2 53.Ba2 Rc2 
54.Kc4 Rc1 55.Kd3 Re1 56.e6 Kd6 57.Kc2 h5 58.Kxb2 h4 59.Nb5+ Ke7 60.Nc7 h3
61.Nd5+ Kd6 62.Nf4 h2 63.Bd5 Ke5 64.Nd3+ Kxd5 0-1

[Event "I Weekend 2 Torri A"]
[Site "Bologna ITA"]
[Date "2006.01.15"]
[Round "5"]
[White "Aldrovandi, Costantino"]
[Black "Malfagia, Andrea"]
[Result "0-1"]
[WhiteElo "2222"]
[BlackElo "2244"]
[PlyCount "62"]
[EventDate "2006.01.13"]

1.Nf3 Nf6 2.g3 g6 3.Bg2 Bg7 4.O-O O-O 5.c4 d6 6.a3 a5 7.b3 e5 8.Ra2 Nbd7 
9.d4 exd4 10.Nxd4 Nc5 11.Nc3 Re8 12.Qc2 c6 13.Rd1 Qb6 14.Rb2 Nfe4 15.Nxe4 
Nxe4 16.Be3 c5 17.Bxe4 cxd4 18.Bc1 Bd7 19.b4 axb4 20.Rxb4 Qxb4 21.axb4 Ba4
22.Qb1 Bxd1 23.Bxb7 Ra7 24.Bf3 Bxe2 25.Bc6 Rc8 26.Qe4 Bxc4 27.Bb2 Ra2 28.
Bd7 d5 29.Qe1 Rd8 30.Qe7 Rf8 31.Bc1 Ra1 0-1

[Event "XXIII Open Eporediese"]
[Site "Ivrea ITA"]
[Date "2006.01.19"]
[Round "1"]
[White "Autino, Massimiliano"]
[Black "Aglietti, Graziano"]
[Result "1/2-1/2"]
[WhiteElo "1661"]
[BlackElo "2055"]
[PlyCount "69"]
[EventDate "2006.01.19"]

1.Nf3 f5 2.g3 Nf6 3.Bg2 e6 4.O-O Be7 5.d3 O-O 6.Bg5 d6 7.c3 h6 8.Bxf6 Bxf6
9.Nbd2 Nd7 10.e4 Nc5 11.exf5 exf5 12.d4 Ne4 13.Nxe4 fxe4 14.Nd2 d5 15.Qb3 
Kh8 16.Rfe1 a5 17.Nf1 c6 18.Ne3 Bg5 19.Qd1 Qf6 20.Rf1 Qd6 21.Nc2 b6 22.f4 
exf3 23.Rxf3 Bf5 24.Ne3 Be4 25.Rxf8+ Rxf8 26.Qe2 Bxe3+ 27.Qxe3 Bxg2 28.
Kxg2 Qg6 29.Re1 Qf5 30.Qe2 Kh7 31.Rf1 Qxf1+ 32.Qxf1 Rxf1 33.Kxf1 Kg6 34.
Kf2 Kf5 35.Kf3 1/2-1/2

[Event "XXIII Open Eporediese"]
[Site "Ivrea ITA"]
[Date "2006.01.19"]
[Round "1"]
[White "Caresana, Alessandro"]
[Black "Castaldo, Antonio"]
[Result "1-0"]
[WhiteElo "1969"]
[BlackElo "1586"]
[PlyCount "91"]
[EventDate "2006.01.19"]

1.e4 d6 2.d4 Nf6 3.Nc3 g6 4.Nf3 Bg7 5.h3 O-O 6.Be3 c6 7.Qd2 Re8 8.O-O-O b5
9.Bd3 Nbd7 10.e5 b4 11.Ne4 Nd5 12.Bh6 Bh8 13.exd6 exd6 14.Nxd6 Re7 15.Rhe1
N7f6 16.Nxc8 Rxc8 17.Rxe7 Qxe7 18.Re1 Qd6 19.Ne5 Re8 20.Nc4 Rxe1+ 21.Qxe1 
Qh2 22.g4 Qb8 23.Ne5 Qe8 24.Qd2 Qe6 25.Bc4 a5 26.f4 Ne4 27.Qg2 Nd6 28.Bxd5
cxd5 29.f5 Qf6 30.Qxd5 Qe7 31.Qa8+ Ne8 32.Bf4 f6 33.Qd5+ Kg7 34.Nd3 g5 35.
Bd2 Qe2 36.Qe6 Qxe6 37.fxe6 Nd6 38.Nc5 Kf8 39.d5 Nc4 40.Ne4 Ke7 41.b3 Nb6 
42.c4 bxc3 43.Nxc3 Bg7 44.Be3 Nc8 45.Bc5+ Nd6 46.Ne4 1-0

[Event "XXIII Open Eporediese"]
[Site "Ivrea ITA"]
[Date "2006.01.19"]
[Round "1"]
[White "Cordoglio, Simone"]
[Black "Bruno, Fabrizio P."]
[Result "0-1"]
[WhiteElo "1491"]
[BlackElo "1892"]
[PlyCount "52"]
[EventDate "2006.01.19"]

1.d4 Nf6 2.Nf3 e6 3.Bf4 b6 4.e3 Bb7 5.Nbd2 d5 6.c3 Bd6 7.Bd3 O-O 8.Qe2 
Nbd7 9.h3 Re8 10.Bh2 Bxh2 11.Rxh2 c5 12.Rc1 a6 13.Ne5 Nxe5 14.dxe5 Nd7 15.
f4 Qh4+ 16.Qf2 Qxf2+ 17.Kxf2 b5 18.Rg1 Rad8 19.Nf3 Nb6 20.g4 Na4 21.Ke1 d4
22.Ng5 dxc3 23.Bxh7+ Kf8 24.bxc3 Nxc3 25.f5 exf5 26.gxf5 Rxe5 0-1

[Event "XXIII Open Eporediese"]
[Site "Ivrea ITA"]
[Date "2006.01.19"]
[Round "1"]
[White "Giachino, Adriano"]
[Black "Chiarotto, Filippo"]
[Result "0-1"]
[WhiteElo "1553"]
[BlackElo "1880"]
[PlyCount "74"]
[EventDate "2006.01.19"]

1.e4 Nc6 2.d4 d5 3.e5 Bf5 4.Nf3 e6 5.Bd2 Be7 6.Nc3 h5 7.Bb5 Qd7 8.Qe2 Nh6 
9.h3 a6 10.Bd3 Bxd3 11.cxd3 Nf5 12.Be3 h4 13.a3 a5 14.O-O f6 15.Nb5 Kf7 
16.Rae1 Rag8 17.exf6 gxf6 18.Bf4 Bd6 19.Qd2 Rg6 20.Bxd6 cxd6 21.Qf4 e5 22.
dxe5 dxe5 23.Qxf5 Qxf5 24.Nd6+ Ke6 25.Nxf5 Kxf5 26.Re3 Ke6 27.Rc1 Kd6 28.
Rd1 Ne7 29.Nh2 Nf5 30.Rf3 Nd4 31.Re3 Rhg8 32.Nf3 Nf5 33.Re2 Rxg2+ 34.Kh1 
R2g7 35.Rg1 Rxg1+ 36.Nxg1 Nd4 37.Re3 f5 0-1

[Event "XXIII Open Eporediese"]
[Site "Ivrea ITA"]
[Date "2006.01.19"]
[Round "1"]
[White "Paonessa, Denis"]
[Black "Castaldo, Folco"]
[Result "0-1"]
[WhiteElo "1778"]
[BlackElo "2363"]
[PlyCount "47"]
[EventDate "2006.01.19"]

1.d4 e6 2.c4 f5 3.g3 Nf6 4.Bg2 Bb4+ 5.Bd2 Be7 6.Nh3 O-O 7.O-O d6 8.Nc3 e5 
9.d5 Ne4 10.f3 Nxd2 11.Qxd2 a5 12.e4 Na6 13.f4 Nc5 14.fxe5 dxe5 15.exf5 
Bxf5 16.Qe3 Bd3 17.Rxf8+ Qxf8 18.Qxe5 Qf6 19.Qxc7 Bd6 20.Qb6 Bxc4 21.Re1 
Nd3 22.Qxb7 Rb8 23.Qxb8+ Bxb8 24.Re8+ 0-1

[Event "XXIII Open Eporediese"]
[Site "Ivrea ITA"]
[Date "2006.01.19"]
[Round "1"]
[White "Ranieri, Fabrizio"]
[Black "Razzano, Lorenzo"]
[Result "1-0"]
[WhiteElo "2248"]
[BlackElo "1766"]
[PlyCount "35"]
[EventDate "2006.01.19"]

1.e4 g6 2.d4 Bg7 3.Be3 d6 4.Nc3 Nd7 5.Qd2 e5 6.Nf3 exd4 7.Bxd4 Ngf6 8.
O-O-O O-O 9.Bc4 a6 10.Ng5 b5 11.Bxf7+ Rxf7 12.Nxf7 Kxf7 13.Bxf6 Qxf6 14.
Qd5+ Ke8 15.Qxa8 Nb6 16.Qc6+ Kd8 17.Rxd6+ Qxd6 18.Rd1 1-0

[Event "XXIII Open Eporediese"]
[Site "Ivrea ITA"]
[Date "2006.01.19"]
[Round "1"]
[White "Trotto, Pierangelo"]
[Black "Caserio, Federico"]
[Result "1-0"]
[WhiteElo "1879"]
[BlackElo "1428"]
[PlyCount "91"]
[EventDate "2006.01.19"]

1.e4 c5 2.Nf3 Nc6 3.d4 cxd4 4.Nxd4 Nf6 5.Nc3 d6 6.Bc4 e6 7.Bb3 Be7 8.Be3 
O-O 9.Qd2 a6 10.O-O Qc7 11.Rad1 Rd8 12.f4 Nxd4 13.Bxd4 e5 14.Bf2 b5 15.Nd5
Nxd5 16.Qxd5 Be6 17.Qd3 Bxb3 18.axb3 Rac8 19.c3 Qb8 20.Qd5 Qa8 21.Bb6 Qxd5
22.Rxd5 Rd7 23.fxe5 Rc6 24.Bd4 Rcc7 25.exd6 Rxd6 26.Rdf5 f6 27.e5 Re6 28.
exf6 Bxf6 29.Bxf6 Rxf6 30.Rxf6 gxf6 31.Rxf6 a5 32.Ra6 a4 33.bxa4 bxa4 34.
Rxa4 Rb7 35.b4 Kf7 36.Ra3 Ke6 37.Kf2 Kd5 38.Ra5+ Kc4 39.Rc5+ Kd3 40.g4 
Rf7+ 41.Kg3 Ke4 42.b5 Rf3+ 43.Kh4 Rf2 44.h3 Rb2 45.c4 Kd4 46.Rc7 1-0